Federated States of Micronesia : 2008 Article IV Consultation; Staff Report; and Public Information Notice on the Executive Board Discussion.

The staff report for the 2008 Article IV Consultation of the Federated States of Micronesia examines economic developments and policies. Growth could recover modestly in the near term as falling commodity prices boost real incomes and progress is made on spending unused compact infrastructure grants...

Cur síos iomlán

Sonraí bibleagrafaíochta
Údar corparáideach: International Monetary Fund
Formáid: IRIS
Teanga:English
Foilsithe / Cruthaithe: Washington, D.C. : International Monetary Fund, 2009.
Sraith:IMF Staff Country Reports; Country Report ; No. 2009/081
Rochtain ar líne:Full text available on IMF
LEADER 01650cas a2200241 a 4500
001 AALejournalIMF005673
008 230101c9999 xx r poo 0 0eng d
020 |c 5.00 USD 
020 |z 9781451813838 
022 |a 1934-7685 
040 |a BD-DhAAL  |c BD-DhAAL 
110 2 |a International Monetary Fund. 
245 1 0 |a Federated States of Micronesia :   |b 2008 Article IV Consultation; Staff Report; and Public Information Notice on the Executive Board Discussion. 
264 1 |a Washington, D.C. :  |b International Monetary Fund,  |c 2009. 
300 |a 1 online resource (40 pages) 
490 1 |a IMF Staff Country Reports 
500 |a <strong>Off-Campus Access:</strong> No User ID or Password Required 
500 |a <strong>On-Campus Access:</strong> No User ID or Password Required 
506 |a Electronic access restricted to authorized BRAC University faculty, staff and students 
520 3 |a The staff report for the 2008 Article IV Consultation of the Federated States of Micronesia examines economic developments and policies. Growth could recover modestly in the near term as falling commodity prices boost real incomes and progress is made on spending unused compact infrastructure grants. The authorities have limited tools to address risks from the global slowdown. Given the urgency of fiscal consolidation, expenditures should be streamlined and preparations for the comprehensive tax reform intensified. 
538 |a Mode of access: Internet 
830 0 |a IMF Staff Country Reports; Country Report ;  |v No. 2009/081 
856 4 0 |z Full text available on IMF  |u http://elibrary.imf.org/view/journals/002/2009/081/002.2009.issue-081-en.xml  |z IMF e-Library